Sasyasamrakshanam (Record no. 18926)
[ view plain ]
| 000 -LEADER | |
|---|---|
| fixed length control field | 00229nam a22001097a 4500 |
| 003 - CONTROL NUMBER IDENTIFIER | |
| control field | OSt |
| 008 - FIXED-LENGTH DATA ELEMENTS--GENERAL INFORMATION | |
| fixed length control field | 250104b |||||||| |||| 00| 0 eng d |
| 041 ## - LANGUAGE CODE | |
| Language code of text/sound track or separate title | eng |
| 100 ## - MAIN ENTRY--AUTHOR NAME | |
| Personal name | Joseph AK |
| 245 ## - TITLE STATEMENT | |
| Title | Sasyasamrakshanam |
| 942 ## - ADDED ENTRY ELEMENTS (KOHA) | |
| Koha item type | Books |
| Withdrawn status | Lost status | Damaged status | Home library | Current library | Date acquired | Accession Number | Koha item type | Public note |
|---|---|---|---|---|---|---|---|---|
| Withdrawn | KAUAET | KAUAET | 04/01/2025 | 13165 | Books | Withdrawn as per order no A3-2738/87/K Dis dated 3-11-89 | ||
| Withdrawn | KAUAET | KAUAET | 04/01/2025 | 13166 | Books |
